000 00422nam a2200145Ia 4500
003 OSt
005 20260120105735.0
008 211028s2014 xx 000 0 und d
040 _cAIMIT LIBRARY
041 _aeng
100 _aPais, Carol Martha; Dias, Beena.
_g1216024
_97139
245 _aStudy on selection and training at BASF India ltd Mangalore works /
260 _aMangalore
_bBeena Dias
_c2014
942 _2ddc
_cPRO
999 _c218709
_d218709